• 首页
  • 本馆介绍
  • 公告通知
  • 最新文献
  • 馆藏检索
  • 电子资源
  • 读者荐购
  • 参考咨询
  • CALIS
  • 我的图书馆
  • 登录
  • 详细信息显示
  • 放入我的书架
  • 预约/预借图书
  • 作者相关作品
  • 分类相关作品
  • 丛书相关作品
  • 出版社相关作品

书目信息

  • 表格格式
  • 工作单格式
  • 卡片格式
题名:
高等学校英语专业四级考试快速通关
    
 
作者: 方振宇 , 方振宇总 总主编 ;毕晶 主编
分册:   模拟试题
出版信息: 北京   外语教学与研究出版社  2009.03
页数: 295页
开本: 26cm
丛书名: “高等学校英语专业四级/八级考试快速通关”系列丛书
单 册:
中图分类: H310.42
科图分类:
主题词: 英语--Ying Yu--高等学校--水平考试--习题
电子资源:
ISBN: 978-7-5600-8200-4
 
 
 
 
 
000 01463nam 2200301 450
001 CAL 012009065369
005 20110831182006.03
010    @a978-7-5600-8200-4@dCNY29.90 (含光盘)
010    @a978-7-89478-160-4@b光盘
100    @a20090505d2009 ekmy0chiy50 ea
101 0  @achi@aeng
102    @aCN@b110000
106    @ar
200 1  @a高等学校英语专业四级考试快速通关@Agao deng xue xiao ying yu zhuan ye si ji kao shi kuai su tong guan@i模拟试题@f方振宇总主编@Ffang zhen yu zong zhu bian@g主编毕晶
210    @a北京@c外语教学与研究出版社@d2009.03
215    @a295页@d26cm@e光盘1片
225 2  @a“高等学校英语专业四级/八级考试快速通关”系列丛书@A“gao deng xue xiao ying yu zhuan ye si ji /ba ji kao shi kuai su tong guan ”xi lie cong shu
330    @a本书共四个部分: 第一部分为广大考生提供了备考英语专业四级的理论指导; 第二部分供考生模拟训练, 共含8套高仿真度的模拟试题; 第三部分提供了8套模拟试题的听力原文、答案及详解; 第四部分为考生提供了2008年的英语专业四级考试真题, 旨在让大家完成8套模拟试题的冲刺训练后, 测试一下自己的备考情况。真题后提供了听力原文、答案及详解。
333    @a英语专四考试考生
410  0 @12001 @a“高等学校英语专业四级/八级考试快速通关”系列丛书
586    @a
606 0  @a英语@AYing Yu@x高等学校@x水平考试@j习题
690    @aH310.42@v5
701  0 @a方振宇@AFang Zhen Yu@4总主编
701  0 @a方振宇总@Afang zhen yu zong@4主编
702  0 @a毕晶@ABi Jing@4主编
801  0 @aCN@c20110610
905    @dH310.42@eF2705@f3
    
    高等学校英语专业四级考试快速通关.模拟试题/方振宇总主编/主编毕晶.-北京:外语教学与研究出版社,2009.03
    295页;26cm+光盘1片.-(“高等学校英语专业四级/八级考试快速通关”系列丛书)
    使用对象:英语专四考试考生
    
    ISBN 978-7-5600-8200-4:CNY29.90 (含光盘)
    本书共四个部分: 第一部分为广大考生提供了备考英语专业四级的理论指导; 第二部分供考生模拟训练, 共含8套高仿真度的模拟试题; 第三部分提供了8套模拟试题的听力原文、答案及详解; 第四部分为考生提供了2008年的英语专业四级考试真题, 旨在让大家完成8套模拟试题的冲刺训练后, 测试一下自己的备考情况。真题后提供了听力原文、答案及详解。
●
相关链接 在E读中查询图书 在当当中查询图书 在豆瓣中查询图书


正题名:高等学校英语专业四级考试快速通关     索取号:H310.42/F2705         预约/预借

序号 登录号 条形码 馆藏地/架位号 状态 备注
1 1014576   210145760   语言库209/209语言库 96排2列2层/ [索取号:H310.42/F2705] 在馆    
2 1014577   210145779   语言库209/209语言库 96排2列2层/ [索取号:H310.42/F2705] 在馆    
3 1014578   210145788   语言库209/209语言库 96排2列2层/ [索取号:H310.42/F2705] 在馆    
河南城建学院图书馆 欢迎您!
大连网信软件有限公司© 版权所有